Marketing a informační systém

Informácie ako súčasť správneho obchodného rozhodnutia. Firemný informačný systém. Informačný systém Microsoft Business Solutions - Navision. Stručné vymedzenie pojmu informačný systém. Požiadavky na informačný systém. Informačný systém Microsoft Business Solutions - Navision pre oblasť riadenia vzť...

Ausführliche Beschreibung

Gespeichert in:
Bibliographische Detailangaben
1. Verfasser: Tětek, Miroslav
Weitere Verfasser: Škarková, Daniela
Format: Buchkapitel
Sprache:Tschechisch
Schlagworte:
Tags: Tag hinzufügen
Keine Tags, Fügen Sie das erste Tag hinzu!

MARC

LEADER 00000naa$a2200000$$$4500
001 0007997
005 20231018123849.0
041 0 |a cze 
044 |a CZ 
245 1 0 |a Marketing a informační systém  |c aut. Miroslav Tětek, Daniela Škarková 
520 |a Informácie ako súčasť správneho obchodného rozhodnutia. Firemný informačný systém. Informačný systém Microsoft Business Solutions - Navision. Stručné vymedzenie pojmu informačný systém. Požiadavky na informačný systém. Informačný systém Microsoft Business Solutions - Navision pre oblasť riadenia vzťahu so zákazníkom. Informačný systém a oblasť riadenia predajnej kampane. 
610 2 0 |a marketing 
610 2 0 |a systémy informačné 
610 2 0 |a systémy informačné podnikové 
610 2 0 |a komunikácia marketingová 
610 2 0 |a spokojnosť zákazníkov 
610 2 0 |a správanie spotrebiteľa 
610 2 0 |a kampane reklamné 
100 1 |a Tětek, Miroslav 
700 1 |a Škarková, Daniela